| 000 | 01086cam a22002773a 4500 | ||
|---|---|---|---|
| 001 | 35377 | ||
| 003 | PGUSA | ||
| 005 | 20140828083749.0 | ||
| 008 | 110223s2011||||xxu|||||s|||||000 | eng d | ||
| 040 |
_aPGUSA _beng |
||
| 042 | _adc | ||
| 050 | 4 | _aBL | |
| 050 | 4 | _aPZ | |
| 100 | 1 |
_aHawthorne, Nathaniel, _d1804-1864 |
|
| 245 | 1 | 2 |
_aA Wonder Book and Tanglewood Tales : _bFor girls and boys _h[electronic resource] / _cNathaniel Hawthorne |
| 260 |
_bProject Gutenberg, _c2011 |
||
| 505 | 0 | _aA Wonder Book: The Gorgon's head. The golden touch. The paradise of children. The three golden apples. The miraculous pitcher. The Chimaera -- Tanglewood Tales: The wayside. The Minotaur. The Pygmies. The dragon's teeth. Circe's palace. The pomegranate seeds. The Golden Fleece. | |
| 506 | _aPublic domain in the USA. | ||
| 516 | _aElectronic text | ||
| 653 | _aMythology, Greek -- Juvenile literature | ||
| 653 | _aMythology, Greek | ||
| 700 | 1 |
_aParrish, Maxfield, _d1870-1966 |
|
| 830 | 0 |
_aProject Gutenberg _v35377 |
|
| 856 | 4 | 0 | _uhttp://www.gutenberg.org/ebooks/35377 |
| 942 | _cEB | ||
| 999 |
_c264632 _d264632 |
||